Seas, oceans and straits p.1 - Statistics

General Stats
  • This quiz has been taken 122 times
  • The average score is 10 of 16
Answer Stats
Picture Answer % Correct
Gulf Of Mexico
86%
Atlantic Ocean
85%
North Sea
75%
Black Sea
72%
Hudson Bay
70%
Mediterranean Sea
68%
Caribbean Sea
67%
Adriatic Sea
66%
Baltic Sea
66%
Strait of Gibraltar
66%
Aegean Sea
61%
Gulf of Guinea
55%
Ionian Sea
52%
North Cape
42%
Cape of Good Hope
35%
Cape Horn
16%
No matching quizzes found
Score Distribution
Percent of People with Each Score
Percentile by Number Answered
Your Score History
You have not taken this quiz